Planes - Statistics

General Stats
  • This quiz has been taken 1,478 times
  • The average score is 8 of 10
Answer Stats
Picture Answer % Correct
A380
95%
747
92%
737
88%
A330
87%
787
83%
A350
81%
A319
73%
A321
70%
A220
64%
ATR-72
60%
No matching quizzes found
Score Distribution
Percent of People with Each Score
Percentile by Number Answered
Your Score History
You have not taken this quiz